| 000 | 01124nam a2200205Ia 4500 | ||
|---|---|---|---|
| 003 | OSt | ||
| 005 | 20211019165239.0 | ||
| 008 | 210310s1974 fr fr 000 0 fre d | ||
| 040 |
_aCO-JMCR _cCO-JMCR |
||
| 041 | 0 | _afre | |
| 082 | 0 | 4 |
_a330.944083 / _bU41p _223 |
| 100 | 1 |
_aUllmo, Yves, _917772 _eautor |
|
| 245 | 1 | 3 |
_aLa planification en France / _cYves Ullmo directeur des syntheses á I´I.N.S.E.E |
| 260 |
_aParis : _bDalloz, _c1974 |
||
| 300 |
_a625 páginas ; _c22 cm. |
||
| 500 | _aIncluye notas a pie de página. | ||
| 505 | 0 | _aHistorique de la planification en france -- Disoussion de príncipe -- Les institutions de la planification -- Les études a long terme et la planification – Planet projection -- Les liaisons entre la politique économique a court terme et la politique a moyen terme -- Plan et politique des revenus -- l'étude de marché généralisée -- Le plan et la politique industrielle -- La planification de l'emploi -- La planification des finanoes et des fonctions collectives -- La planification régionale et urbaine | |
| 650 | 1 | 4 |
_aPolítica económica _917774 _zFrancia |
| 942 |
_2ddc _cBK |
||
| 999 |
_c8609 _d8609 |
||